La tragédie de Hamlet, Prince de Danemark / (Record no. 143890)

MARC details
000 -LEADER
campo de control de longitud fija 00734nam a2200217 i 4500
001 - NÚMERO DE CONTROL
campo de control 143890
003 - IDENTIFICADOR DE NÚMERO DE CONTROL
campo de control ES-MaACL
005 - FECHA Y HORA DE LA ÚLTIMA TRANSACCIÓN
campo de control 20250716062534.0
007 - CAMPO FIJO DE DESCRIPCIÓN FÍSICA--INFORMACIÓN GENERAL
campo de control de longitud fija t|
008 - DATOS DE LONGITUD FIJA--INFORMACIÓN GENERAL
campo de control de longitud fija 070214s1929 fr r ||||1| fre d
100 1# - ENTRADA PRINCIPAL--NOMBRE DE PERSONA
Nombre de persona Shakespeare, William,
Fechas asociadas al nombre 1564-1616
9 (RLIN) 105992
245 13 - MENCIÓN DEL TÍTULO
Título La tragédie de Hamlet, Prince de Danemark /
Mención de responsabilidad, etc. William Shakespeare ; traduction de Jules Derocquigny.
260 ## - PUBLICACIÓN, DISTRIBUCIÓN, ETC.
Lugar de publicación, distribución, etc. Paris :
Nombre del editor, distribuidor, etc. Societé de Belles Lettres,
Fecha de publicación, distribución, etc. 1929 (
Lugar de fabricación/manufactura Anvers [Bélgica] :
Fabricante Flor Burton)
300 ## - DESCRIPCIÓN FÍSICA
Extensión XX, 306 p. ;
Dimensiones 15 cm.
490 1# - MENCIÓN DE SERIE
Mención de serie Collection Shakespeare
500 ## - NOTA GENERAL
Nota general Edición bilingüe.
700 1# - ENTRADA AGREGADA--NOMBRE PERSONAL
Nombre de persona Derocquigny, Jules.
9 (RLIN) 43785
830 0# - PUNTO DE ACCESO ADICIONAL DE SERIE-TÍTULO UNIFORME
Título uniforme Collection Shakespeare
9 (RLIN) 187299
852 ## - LOCALIZACIÓN
Ubicación ES-MaACL
Número de control de estantería A-2588
Holdings
Estatus retirado Estado de pérdida Estado de daño No para préstamo Biblioteca de origen Biblioteca actual Ubicación en estantería Fecha de adquisición Fuente de adquisición Total de préstamos Signatura topográfica completa Código de barras Visto por última vez Precio de reemplazo Tipo de ítem Koha
        Biblioteca del Ateneo de Madrid Biblioteca del Ateneo de Madrid Sala Pecera Planta 1 17/01/2008     A-2588 1149706 23/02/2023 23/02/2023 Libro impreso